000 00527nam a22001937a 4500
003 KOHA_MİRAKIL
005 20251111092825.0
008 251111b tu ||||| |||| 00| 0 tur d
020 _a9786051215099
040 _aTR-AnABB
_btur
_cTR-AnABB
041 _atur
082 _a813.41
_bTAN 2022
100 1 _aTan, Mümtaz Turhan,
245 1 0 _aDevrilen kazan /
_cMümtaz Turhan Tan
260 _aAnkara :
_bElips Kitap,
_c2022
300 _a413 sayfa ;
_c20 cm
650 0 4 _aTürk edebiyatı, roman
942 _2ddc
_cBK
999 _c9331
_d9331
900 _bGizem YORULMAZ